000 00660nam a2200229 a 4500
005 20210219153020.0
008 991125n 000 0 u
035 _aUPN01000073204
100 _aShowers, Jacy
222 _aCHILD ABUSE AND NEGLECT :
_bTHE INTERNATIONAL JOURNAL
245 _a"Don't shake the baby" : the effectiveness of a prevention program
300 _a11-18
362 _a16, No. 1, 1992
505 _aSeptiembre 1992
653 0 _aACTITUD DE LOS PADRES
653 0 _aEDUCACION DE PADRES
653 0 _aEJECUCION DE PROGRAMAS
653 0 _aNINO MALTRATADO
653 0 _aPREVENCION
904 _aAC
_b011015
905 _aArticulo
999 _c66281
_d66281